10 najlepszych europejskich lig w Piłce Nożnej - Statystyki

Ogólne statystyki
  • Ten quiz został rozwiązany 134 razy
  • Średni wynik to 9 z 10
Statystyki odpowiedzi
# Liga % Poprawnych
3 hiszpańska / LaLiga
100%
1 angielska / Premier League
99%
2 włoska / Serie A
99%
4 niemiecka / Bundesliga
98%
5 francuska / Ligue 1
94%
7 portugalska / Liga Portugal
94%
6 holenderska / Eredivisie
92%
8 belgijska / Pro League
82%
10 turecka / Süper Lig
77%
9 czeska / Chance Liga
75%
Nie znaleziono quizów pasujących do podanych kryteriów
Rozkład punktacji
Procent ludzi z każdym wynikiem
Percentyl według liczby udzielonych odpowiedzi
Twoja historia wyników
Nie rozwiązałeś tego quizu